Ampumahiihdon maailmancupin kokonaiskilpailun voittajat: naiset - Statistics

Yleistilastot
  • Tätä visaa on pelattu 107 kertaa
    33 viimeisimmän päivityksen jälkeen
  • Keskiarvotulos 21 / 44
Vastaustilastot
Kausi Voittaja Kansallisuus % Oikein
2017-2018 Kaisa Mäkäräinen Suomi
100%
2013-2014 Kaisa Mäkäräinen Suomi
100%
2010-2011 Kaisa Mäkäräinen Suomi
100%
2019-2020 Dorothea Wierer Italia
96%
2018-2019 Dorothea Wierer Italia
96%
2024-2025 Franziska Preuß Saksa
88%
2022-2023 Julia Simon Ranska
88%
2023-2024 Lisa Vittozzi Italia
84%
2020-2021 Tiril Eckhoff Norja
84%
2015-2016 Gabriela Soukalová Tšekki
80%
2011-2012 Magdalena Neuner Saksa
80%
2009-2010 Magdalena Neuner Saksa
80%
2007-2008 Magdalena Neuner Saksa
80%
2013-2014 Tora Berger Norja
80%
2012-2013 Tora Berger Norja
80%
2016-2017 Laura Dahlmeier Saksa
76%
2021-2022 Marte Olsbu Røiseland Norja
72%
2014-2015 Darja Domratšava Valko-Venäjä
68%
2006-2007 Andrea Henkel Saksa
56%
2008-2009 Helena Jonsson Ruotsi
52%
2001-2002 Magdalena Forsberg Ruotsi
52%
2000-2001 Magdalena Forsberg Ruotsi
52%
1999-2000 Magdalena Forsberg Ruotsi
52%
1998-1999 Magdalena Forsberg Ruotsi
52%
1997-1998 Magdalena Forsberg Ruotsi
52%
1996-1997 Magdalena Forsberg Ruotsi
52%
2003-2004 Liv Grete Poirée Norja
44%
2005-2006 Kati Wilhelm Saksa
40%
2004-2005 Sandrine Bailly Ranska
40%
2002-2003 Martina Glagow Saksa
24%
1986-1987 Eva Korpela Ruotsi
20%
1985-1986 Eva Korpela Ruotsi
20%
1992-1993 Anfisa Reztsova Venäjä
0%
1991-1992 Anfisa Reztsova Venäjä
0%
1994-1995 Anne Briand Ranska
0%
1987-1988 Anne Elvebakk Norja
0%
1995-1996 Emmanuelle Claret Ranska
0%
1982-1983 Gry Østvik Norja
0%
1988-1989 Jelena Golovina Neuvostoliitto
0%
1989-1990 Jiřina Adamičková Tšekkoslovakia
0%
1983-1984 Mette Mestad Norja
0%
1984-1985 Sanna Grønlid Norja
0%
1990-1991 Svetlana Davydova Neuvostoliitto
0%
1993-1994 Svjatlana Paramyhina Valko-Venäjä
0%
Ehtoja vastaavia visoja ei löytynyt
Tulosjakauma
Jokaisen tuloksen saaneiden osuus
Persentiili vastausten määrän mukaan
Tuloshistoriasi
Et ole pelannut tätä visaa sen viimeisimmän päivityksen jälkeen